| 000 | 00993nam a2200241I 4500 | ||
|---|---|---|---|
| 001 | 28697 | ||
| 003 | BD-RjUL | ||
| 005 | 20211209051322.0 | ||
| 008 | 180411s1940 ii 00010 ben d | ||
| 020 | _c: IRs. 1.75 | ||
| 035 | _a(BD-RjUL)28779 | ||
| 040 |
_aBD-RjUL _cBD-RjUL _dBD-RjUL _bben |
||
| 041 | 1 | _aben | |
| 082 |
_a494.445 _bDAS 1940 |
||
| 100 | 1 |
_aদাশগুপ্ত, তমোনাশচন্দ্র _9221102 |
|
| 245 | 1 | 0 |
_aসমগ্র বাঙলা ব্যাকরণ ও রচনা / _cতমোনাশচন্দ্র দাশগুপ্ত |
| 260 |
_aকলিকাতা: _bরামতারণ দাস, _c[১৯৪০] |
||
| 300 |
_a[৮], ১৬, ৩৪০, ৮৪ পৃ. ; _c১৯ সেমি. |
||
| 500 | _a"কলিকাতা বিশ্ববিদ্যাল কর্তৃক অনুমোদিত" | ||
| 650 |
_aবাংলা ব্যাকরণ _9221103 |
||
| 650 |
_aBengali Grammar _9221104 |
||
| 942 |
_2ddc _cRAR |
||
| 999 |
_c28697 _d28697 |
||